000 01087nam a2200301 i 4500
003 EG-GICUC
005 20260226183158.0
008 260226b2005 ua ||||f |||| 000 0 ara d
040 _a EG-GICUC
_bara
_c EG-GICUC
_d EG-GICUC
_erda
082 0 4 _221
_a341.7
_bم ح .ح
092 0 4 _221
099 _aLaw1 11 3417 م ح .ح 2005
100 0 _aمحمد طلعت زايد
_eمعد.
245 1 2 _aحماية حقوق الملكية الفكرية /
_cمحمد طلعت زايد .
264 1 _aمصر :
_bالإتحاد العربي لحماية حقوق الملكية الفكرية ،
_c2005 .
300 _a77 صفحة ؛
_c24 سم
336 _2rda content
_atext
337 _2rda media
_aComputer
338 _2rda carrier
_aOnline Resource
490 _3`
546 _aالنص باللغة العربية
650 1 _aالقانون الدولي العام
650 1 _aالتعاون الدولي
700 _aعلي عبدالرحمن علي
_eمشرف.
856 4 0 _uhttps://fll.law.cu.edu.eg/fulltext/bks/B11-07133.pdf
905 _a59
942 _2ddc
_cBK
_e21
_n0
999 _c64271
_d64271